000
00307nam a22001457a 4500
008
210305b ||||| |||| 00| 0 eng d
020
_a
9780070682863
041
_a
eng
080
_2
5th
_a
53
082
_a
53
100
_a
43
101
_a
FIZ
245
_a
Thermodynamics
_c
Wark, K. J
942
_2
udc
_c
BK
999
_c
55868
_d
55868